000 00512nam a22001937a 4500
003 MPLRDC
005 20220104185200.0
008 210129b ||||| |||| 00| 0 eng d
020 _a957-693-494-X
082 _a547.16 MAC
100 _aNANCY MACDUFF
245 _a志工招募实战手册
_c魏希圣译
250 _a初版四刷
260 _a台湾
_b张老师文化事业股份有限公司
_c2006
300 _b
490 _a教育辅导系列. 43
650 _a义工
942 _cBK
_o547.16 MAC
999 _c63214
_d63204